00350nam a2200145Ia 4500003000400000005001700004008004100021040000900062082001800071100002000089245003700109260003000146300000800176650002000184OSt20200212120734.0190216s9999||||xx |||||||||||||| ||und|| coclc a954.83bAZH/C a Azhiyur, Moidu 0aChombal Peruma /cMoidu Azhiyur bVachanam Books,aCalicut: a95p xIslamic History